The Oxford handbook of work and organization / (Record no. 6598)

MARC details
000 -LEADER
fixed length control field 00768nac a22002171u 4500
020 ## - INTERNATIONAL STANDARD BOOK NUMBER
International Standard Book Number 0199269920
082 ## - DEWEY DECIMAL CLASSIFICATION NUMBER
Classification number 331
Item number ACK
090 ## - LOCALLY ASSIGNED LC-TYPE CALL NUMBER (OCLC); LOCAL CALL NUMBER (OCLC)
-- 6598
-- 6598
100 ## - MAIN ENTRY--PERSONAL NAME
Personal name 20080729
245 ## - TITLE STATEMENT
Title The Oxford handbook of work and organization /
Statement of responsibility, etc edited by Stephen Ackroyd ... [et al.].
260 ## - PUBLICATION, DISTRIBUTION, ETC. (IMPRINT)
Place of publication, distribution, etc Oxford :
Name of publisher, distributor, etc Oxford University Press, 2005.
Date of publication, distribution, etc 2005
300 ## - PHYSICAL DESCRIPTION
Extent xxi, 655 p. ;
Dimensions 26 cm.
500 ## - GENERAL NOTE
General note distributer: Al-Ahram
504 ## - BIBLIOGRAPHY, ETC. NOTE
Bibliography, etc Includes bibliographical references and index.
511 ## - PARTICIPANT OR PERFORMER NOTE
Participant or performer note catalogued by: wessam
650 ## - SUBJECT ADDED ENTRY--TOPICAL TERM
Topical term or geographic name as entry element Labor
650 ## - SUBJECT ADDED ENTRY--TOPICAL TERM
Topical term or geographic name as entry element Organization.
700 ## - ADDED ENTRY--PERSONAL NAME
Personal name Ackroyd, Stephen.
942 ## - ADDED ENTRY ELEMENTS (KOHA)
Item type Book - Borrowing
Call number prefix 331ACK
Holdings
Withdrawn status Item status Damaged status Not for loan Home library Current library Shelving location Date acquired Source of acquisition Total Checkouts Total Renewals Full call number Barcode Date last seen Date last borrowed Koha item type
        Central Library Central Library First floor 27/11/2007 Purchase 2 3 331ACK 000008356 15/07/2025 17/02/2015 Book - Borrowing